[Event "GER-chT U14 Girls"]
[Site "Neumuenster"]
[Date "2018.12.30"]
[Round "7.1"]
[White "Gehrke, Gina Celina"]
[Black "Dietz, Kristin"]
[Result "1-0"]
[WhiteElo "1366"]
[BlackElo "1735"]
[PlyCount "57"]
[EventDate "2018.12.27"]
[EventType "team-swiss"]
[EventRounds "7"]
[EventCountry "GER"]
[SourceTitle "CBM 188 Extra"]
[Source "ChessBase"]
[SourceDate "2019.02.26"]
[SourceVersion "1"]
[SourceVersionDate "2019.02.26"]
[SourceQuality "1"]
[WhiteTeam "Weisse Dame"]
[BlackTeam "Halle USV"]
[WhiteTeamCountry "GER"]
[BlackTeamCountry "GER"]

1. d4 Nf6 2. e3 c5 3. c3 d5 4. Bd3 e6 5. f4 Nc6 6. Nf3 Be7 7. Nbd2 a6 8. Ne5 Qc7 9. 0-0 b5 10. a3 Bb7 11. Qe2 Nxe5 12. fxe5 Ne4 13. Qf3 Ng5 14. Qf4 f6 15. exf6 Qxf4 16. exf4 Bxf6 17. fxg5 Bxg5 18. Nf3 Bxc1 19. Raxc1 c4 20. Bc2 0-0-0 21. Ne5 Rhe8 22. Rf7 Rf8 23. Rcf1 Rxf7 24. Rxf7 h6 25. Rxg7 Re8 26. Nf7 Re7 27. Nd6+ Kd7 28. Rxe7+ Kxe7 29. Nxb7 1-0

[Event "GER-chT U14 Girls"]
[Site "Neumuenster"]
[Date "2018.12.29"]
[Round "5.1"]
[White "Schwegler, Jelena"]
[Black "Gehrke, Gina Celina"]
[Result "0-1"]
[WhiteElo "1473"]
[BlackElo "1366"]
[PlyCount "38"]
[EventDate "2018.12.27"]
[EventType "team-swiss"]
[EventRounds "7"]
[EventCountry "GER"]
[SourceTitle "CBM 188 Extra"]
[Source "ChessBase"]
[SourceDate "2019.02.26"]
[SourceVersion "1"]
[SourceVersionDate "2019.02.26"]
[SourceQuality "1"]
[WhiteTeam "Bad Homburg"]
[BlackTeam "Weisse Dame"]
[WhiteTeamCountry "GER"]
[BlackTeamCountry "GER"]

1. e4 c5 2. d4 g6 3. d5 Bg7 4. Nc3 d6 5. f4 e6 6. Bb5+ Bd7 7. Bxd7+ Qxd7 8. Nf3 Ne7 9. 0-0 Na6 10. Qe2 Nc7 11. dxe6 Nxe6 12. Nd5 0-0 13. c3 Rfe8 14. Qf2 Nxd5 15. exd5 Nc7 16. Rd1 Re7 17. Qh4 Rae8 18. Rb1 b5 19. Rd3 Qf5 0-1

[Event "GER-chT U14 Girls"]
[Site "Neumuenster"]
[Date "2018.12.28"]
[Round "3.1"]
[White "Buchholz, Maja Patricia"]
[Black "Gehrke, Gina Celina"]
[Result "0-1"]
[WhiteElo "1517"]
[BlackElo "1366"]
[PlyCount "136"]
[EventDate "2018.12.27"]
[EventType "team-swiss"]
[EventRounds "7"]
[EventCountry "GER"]
[SourceTitle "CBM 188 Extra"]
[Source "ChessBase"]
[SourceDate "2019.02.26"]
[SourceVersion "1"]
[SourceVersionDate "2019.02.26"]
[SourceQuality "1"]
[WhiteTeam "Hofheim"]
[BlackTeam "Weisse Dame"]
[WhiteTeamCountry "GER"]
[BlackTeamCountry "GER"]

1. c4 e5 2. Nc3 Nc6 3. g3 Nf6 4. Bg2 Bc5 5. d3 h6 6. Nf3 d6 7. a3 a6 8. b4 Ba7 9. Bb2 Be6 10. 0-0 Qd7 11. Re1 0-0 12. Rc1 Ne7 13. Qd2 Rad8 14. Red1 c6 15. Rc2 Ng6 16. e3 d5 17. cxd5 cxd5 18. Rdc1 Rc8 19. Ne2 Bb8 20. Rc3 Rxc3 21. Nxc3 Rc8 22. Qd1 Rc6 23. Na4 Rxc1 24. Bxc1 Ba7 25. Bb2 Bg4 26. Qc2 Bxf3 27. Bxf3 b5 28. Nc3 Qc7 29. Qb3 d4 30. exd4 Bxd4 31. Ne4 Nxe4 32. Bxe4 Ne7 33. Bxd4 exd4 34. Kg2 Qc3 35. Qxc3 dxc3 36. d4 f5 37. Bd3 Kf7 38. Kf3 Ke6 39. Ke3 Nd5+ 40. Ke2 Ne7 41. Bc2 g5 42. Kd3 Nd5 43. Bb3 g4 44. Bxd5+ Kxd5 45. Kxc3 Ke4 46. d5 Kxd5 47. Kd3 h5 48. Kd2 Kd4 49. Ke2 Kc3 50. Ke3 Kb3 51. Kd3 Kxa3 52. Kc3 Ka4 53. Kd4 Kxb4 54. Ke5 Kc5 55. Kxf5 b4 56. Kg5 b3 57. Kxh5 b2 58. Kxg4 b1Q 59. f4 Qg6+ 60. Kf3 a5 61. Ke3 a4 62. Kf3 a3 63. h3 a2 64. g4 a1Q 65. f5 Qg5 66. h4 Qxh4 67. Kf4 Qd4+ 68. Kf3 Qhf2# 0-1

[Event "GER-chT U14 Girls"]
[Site "Neumuenster"]
[Date "2018.12.27"]
[Round "2.1"]
[White "Gehrke, Gina Celina"]
[Black "Bardorz, Jana"]
[Result "0-1"]
[WhiteElo "1366"]
[BlackElo "1722"]
[PlyCount "90"]
[EventDate "2018.12.27"]
[EventType "team-swiss"]
[EventRounds "7"]
[EventCountry "GER"]
[SourceTitle "CBM 188 Extra"]
[Source "ChessBase"]
[SourceDate "2019.02.26"]
[SourceVersion "1"]
[SourceVersionDate "2019.02.26"]
[SourceQuality "1"]
[WhiteTeam "Weisse Dame"]
[BlackTeam "Karlsruhe SF"]
[WhiteTeamCountry "GER"]
[BlackTeamCountry "GER"]

1. d4 Nf6 2. e3 g6 3. Bd3 Bg7 4. Nd2 0-0 5. f4 d6 6. Ngf3 c5 7. c3 Nbd7 8. 0-0 b6 9. Be4 Nxe4 10. Nxe4 Bb7 11. Qc2 Rc8 12. Qd3 Qc7 13. Ng3 e5 14. fxe5 dxe5 15. dxe5 Nxe5 16. Nxe5 Qxe5 17. e4 Rcd8 18. Qe2 Rfe8 19. Bf4 Qe6 20. Rfe1 Rd7 21. Qc2 Qg4 22. Qc1 Rde7 23. h3 Qe6 24. Qc2 Be5 25. Qf2 Qc4 26. Qe3 Bxf4 27. Qxf4 Bxe4 28. Nxe4 Rxe4 29. Rxe4 Qxe4 30. Qxe4 Rxe4 31. Kf2 Kf8 32. Rd1 Ke7 33. Kf3 f5 34. b3 Re6 35. a3 Rd6 36. Re1+ Kf6 37. h4 Rd3+ 38. Re3 Rxe3+ 39. Kxe3 Ke5 40. g3 b5 41. a4 a6 42. axb5 axb5 43. c4 b4 44. Kd3 h6 45. Ke3 g5 0-1

[Event "GER-chT Lands U20"]
[Site "Hannover"]
[Date "2017.10.01"]
[Round "2.8"]
[White "Gehrke, Gina Celina"]
[Black "Bashylina, Luisa"]
[Result "0-1"]
[WhiteElo "1320"]
[BlackElo "1577"]
[PlyCount "120"]
[EventDate "2017.09.29"]
[EventType "team-swiss"]
[EventRounds "7"]
[EventCountry "GER"]
[SourceTitle "EXT 2018"]
[Source "ChessBase"]
[SourceDate "2017.10.13"]
[SourceVersion "1"]
[SourceVersionDate "2017.10.13"]
[SourceQuality "1"]
[WhiteTeam "Brandenburg U20"]
[BlackTeam "Nordrhein Westfalen U20"]
[WhiteTeamCountry "GER"]
[BlackTeamCountry "GER"]

1. d4 Nf6 2. e3 g6 3. Nf3 Bg7 4. Bd3 d6 5. c4 0-0 6. Nc3 Nbd7 7. Bc2 e5 8. 0-0 Nh5 9. d5 f5 10. e4 f4 11. b4 a5 12. bxa5 Rxa5 13. Bd2 Ra8 14. Na4 Nhf6 15. Bb4 b6 16. Nc3 h6 17. a4 g5 18. a5 bxa5 19. Rxa5 Rxa5 20. Bxa5 Nc5 21. Bb4 Nfd7 22. Na4 Nxa4 23. Bxa4 Nf6 24. Qc2 g4 25. Nd2 f3 26. g3 Nh7 27. c5 Ba6 28. Nc4 Qg5 29. Kh1 dxc5 30. Bxc5 Rb8 31. Bb3 Kh8 32. Ba2 Nf8 33. Rb1 Rxb1+ 34. Qxb1 Nd7 35. Be3 Qe7 36. Qb2 Kh7 37. Qa3 Qxa3 38. Nxa3 Bd3 39. Bb1 Bxb1 40. Nxb1 Bf8 41. Bd2 Nf6 42. Nc3 Bb4 43. Kg1 Bxc3 44. Bxc3 Nxe4 45. Ba5 Kg6 46. Bxc7 Kf6 47. d6 Nc5 48. Kf1 Ke6 49. Ke1 Kd7 50. Kd2 Ne4+ 51. Ke3 Nxd6 52. Bxd6 Kxd6 53. Ke4 Ke6 54. Ke3 Kd5 55. Kd3 e4+ 56. Ke3 Ke5 57. Kd2 Kd4 58. Ke1 e3 59. fxe3+ Kxe3 60. Kf1 f2 0-1

[Event "GER-ch U12 Girls"]
[Site "Willingen"]
[Date "2017.06.09"]
[Round "9"]
[White "Juenk, Ellen"]
[Black "Gehrke, Gina Celina"]
[Result "1-0"]
[WhiteElo "1229"]
[BlackElo "1425"]
[PlyCount "85"]
[EventDate "2017.06.04"]
[EventType "swiss"]
[EventRounds "11"]
[EventCountry "GER"]
[SourceTitle "CBM 178 Extra"]
[Source "ChessBase"]
[SourceDate "2017.06.22"]
[SourceVersion "1"]
[SourceVersionDate "2017.06.22"]
[SourceQuality "1"]

1. e4 c5 2. Nf3 g6 3. d4 cxd4 4. Nxd4 Nc6 5. c4 Bg7 6. Be3 d6 7. Nc3 Nf6 8. Be2 0-0 9. 0-0 a6 10. f3 Bd7 11. Rc1 Rc8 12. Qd2 Rc7 13. b3 Qc8 14. Nd5 Nxd5 15. exd5 Nxd4 16. Bxd4 Bf5 17. Bb6 Rd7 18. g4 Bxg4 19. fxg4 e6 20. g5 Qe8 21. Bg4 Be5 22. Rcd1 Re7 23. Qg2 Qd7 24. dxe6 fxe6 25. Rxf8+ Kxf8 26. Qf3+ Kg7 27. Rf1 Rf7 28. Qxf7+ Qxf7 29. Rxf7+ Kxf7 30. h4 d5 31. cxd5 exd5 32. Bc5 Bg3 33. Bf2 Be5 34. Bc8 d4 35. Bxb7 d3 36. Kf1 d2 37. Ke2 Bc3 38. Bxa6 Ke6 39. Be3 Kd5 40. Bxd2 Bxd2 41. Kxd2 Ke4 42. b4 Kd5 43. Ke3 1-0

[Event "GER-ch U12 Girls"]
[Site "Willingen"]
[Date "2017.06.08"]
[Round "8"]
[White "Gehrke, Gina Celina"]
[Black "Petersen, Sophie"]
[Result "1/2-1/2"]
[WhiteElo "1425"]
[BlackElo "1186"]
[PlyCount "75"]
[EventDate "2017.06.04"]
[EventType "swiss"]
[EventRounds "11"]
[EventCountry "GER"]
[SourceTitle "CBM 178 Extra"]
[Source "ChessBase"]
[SourceDate "2017.06.22"]
[SourceVersion "1"]
[SourceVersionDate "2017.06.22"]
[SourceQuality "1"]

1. d4 Nf6 2. Nf3 d5 3. g3 e6 4. Bg2 c5 5. e3 Nc6 6. 0-0 Be7 7. Nbd2 0-0 8. b3 b6 9. c4 Bb7 10. Bb2 Qc7 11. Qe2 Rfd8 12. Ne1 Ba6 13. Nc2 Rac8 14. Rfc1 Qb8 15. e4 Qc7 16. dxc5 Bxc5 17. exd5 exd5 18. Bxf6 gxf6 19. Qg4+ Kf8 20. Re1 Ne5 21. Qf5 Kg7 22. Ne3 Qd7 23. Qxd7 Rxd7 24. Re2 Re7 25. Nxd5 Ree8 26. Rae1 Red8 27. Nf3 Ng6 28. h4 h5 29. Rd2 Bb7 30. Nd4 Bxd5 31. Nf5+ Kf8 32. Bxd5 Bb4 33. Rde2 Bxe1 34. Rxe1 Ne5 35. Kg2 Nd3 36. Re7 Ne5 37. f4 Rd7 38. Rxd7 1/2-1/2

[Event "GER-ch U12 Girls"]
[Site "Willingen"]
[Date "2017.06.07"]
[Round "7"]
[White "Pflugradt, Natalie"]
[Black "Gehrke, Gina Celina"]
[Result "0-1"]
[WhiteElo "1441"]
[BlackElo "1425"]
[PlyCount "70"]
[EventDate "2017.06.04"]
[EventType "swiss"]
[EventRounds "11"]
[EventCountry "GER"]
[SourceTitle "CBM 178 Extra"]
[Source "ChessBase"]
[SourceDate "2017.06.22"]
[SourceVersion "1"]
[SourceVersionDate "2017.06.22"]
[SourceQuality "1"]

1. e4 c5 2. Nc3 Nc6 3. f4 e6 4. Nf3 Nf6 5. Bc4 d5 6. exd5 Nxd5 7. Nxd5 exd5 8. Be2 Be7 9. 0-0 0-0 10. Qe1 Qb6 11. Qg3 Bf6 12. c3 Be6 13. Kh1 Rae8 14. Bd3 Qc7 15. Bc2 Qd7 16. Nh4 Bxh4 17. Bxh7+ Kxh7 18. Qxh4+ Kg8 19. b3 Qe7 20. Qg3 Qf6 21. Ba3 b6 22. Rad1 Ne7 23. Qf2 d4 24. c4 a5 25. Bb2 Bf5 26. Rc1 Nc6 27. a3 Re7 28. Rfe1 Rfe8 29. Kg1 Re6 30. Rxe6 Qxe6 31. Ba1 Qe2 32. Bb2 Bd3 33. g3 Qxf2+ 34. Kxf2 Re2+ 35. Kg1 Kf8 0-1

[Event "GER-ch U12 Girls"]
[Site "Willingen"]
[Date "2017.06.07"]
[Round "6"]
[White "Schulz, Hannah"]
[Black "Gehrke, Gina Celina"]
[Result "1-0"]
[WhiteElo "1218"]
[BlackElo "1425"]
[PlyCount "67"]
[EventDate "2017.06.04"]
[EventType "swiss"]
[EventRounds "11"]
[EventCountry "GER"]
[SourceTitle "CBM 178 Extra"]
[Source "ChessBase"]
[SourceDate "2017.06.22"]
[SourceVersion "1"]
[SourceVersionDate "2017.06.22"]
[SourceQuality "1"]

1. e4 c5 2. c3 d5 3. d4 dxe4 4. Bc4 e6 5. Be3 cxd4 6. cxd4 Nf6 7. Nc3 Nc6 8. Nge2 Bb4 9. a3 Bxc3+ 10. Nxc3 h6 11. 0-0 0-0 12. Rc1 Bd7 13. Qc2 Ne7 14. Nxe4 Nxe4 15. Qxe4 Bc6 16. Qg4 Ng6 17. Bxe6 Re8 18. Bc4 Re4 19. Qxg6 Qf6 20. Qxf6 gxf6 21. Rfd1 Rg4 22. d5 Bd7 23. Bxh6 Kh7 24. Be3 Rag8 25. g3 a6 26. d6 Kg7 27. Bf1 Ba4 28. Rd2 Rd8 29. Bb6 Rh8 30. Rc7 Bc6 31. d7 Bxd7 32. Rdxd7 Kg6 33. Bd3+ f5 34. Rxf7 1-0

[Event "GER-ch U12 Girls"]
[Site "Willingen"]
[Date "2017.06.05"]
[Round "4"]
[White "Zixin, Li"]
[Black "Gehrke, Gina Celina"]
[Result "1-0"]
[WhiteElo "1094"]
[BlackElo "1425"]
[PlyCount "71"]
[EventDate "2017.06.04"]
[EventType "swiss"]
[EventRounds "11"]
[EventCountry "GER"]
[SourceTitle "CBM 178 Extra"]
[Source "ChessBase"]
[SourceDate "2017.06.22"]
[SourceVersion "1"]
[SourceVersionDate "2017.06.22"]
[SourceQuality "1"]

1. e4 c5 2. Nc3 g6 3. g3 Nc6 4. Bg2 Bg7 5. d3 d6 6. f4 Nf6 7. Nf3 0-0 8. 0-0 Bd7 9. Be3 Rb8 10. Qd2 b5 11. h3 b4 12. Ne2 a5 13. g4 Qc8 14. Ng3 Ne8 15. Rab1 a4 16. f5 Nc7 17. Bh6 Nb5 18. Bxg7 Kxg7 19. Ne2 a3 20. b3 f6 21. d4 Rd8 22. c4 Nc7 23. d5 Ne5 24. Nxe5 fxe5 25. Qg5 Be8 26. f6+ exf6 27. Qxf6+ Kh6 28. g5+ Kh5 29. Ng3+ Kh4 30. Nf5+ gxf5 31. Qh6+ Bh5 32. Bf3 Kg3 33. Qxh5 fxe4 34. Bxe4 Rf8 35. Rxf8 Qxf8 36. Qg4# 1-0

[Event "GER-chT U14 Girls"]
[Site "Duesseldorf"]
[Date "2016.12.27"]
[Round "2.2"]
[White "Gehrke, Gina Celina"]
[Black "Hoeglauer, Jenny"]
[Result "0-1"]
[WhiteElo "1388"]
[BlackElo "1612"]
[PlyCount "68"]
[EventDate "2016.12.27"]
[EventType "team-swiss"]
[EventRounds "7"]
[EventCountry "GER"]
[SourceTitle "EXT 2018"]
[Source "ChessBase"]
[SourceDate "2017.10.13"]
[SourceVersion "1"]
[SourceVersionDate "2017.10.13"]
[SourceQuality "1"]
[WhiteTeam "Berlin Eintracht"]
[BlackTeam "Sasbach"]
[WhiteTeamCountry "GER"]
[BlackTeamCountry "GER"]

1. d4 Nf6 2. e3 e6 3. c3 b6 4. Bd3 Bb7 5. Nf3 c5 6. Nbd2 d5 7. Ne5 Nbd7 8. f4 Be7 9. 0-0 0-0 10. Rf3 Ne4 11. Rh3 f5 12. Qh5 Ndf6 13. Qf3 cxd4 14. exd4 Qe8 15. Nf1 Rc8 16. Bd2 Nxd2 17. Nxd2 Ne4 18. Nf1 b5 19. a3 a6 20. Ne3 Nd2 21. Qe2 Ne4 22. Kh1 Bd6 23. Rg1 Rf6 24. g4 fxg4 25. N3xg4 Rxf4 26. Nh6+ Kf8 27. Bxe4 dxe4 28. Rf1 Bxe5 29. dxe5 e3+ 30. Kg1 Qg6+ 31. Qg4 Rxf1+ 32. Kxf1 Qb1+ 33. Ke2 Qxb2+ 34. Kxe3 Rxc3+ 0-1

[Event "GER-ch U12 Girls"]
[Site "Willingen"]
[Date "2016.05.20"]
[Round "10"]
[White "Stowicek, Yara Mathilda"]
[Black "Gehrke, Gina Celina"]
[Result "1-0"]
[WhiteElo "1293"]
[BlackElo "1364"]
[PlyCount "47"]
[EventDate "2016.05.15"]
[EventType "swiss"]
[EventRounds "11"]
[EventCountry "GER"]
[SourceTitle "CBM 172 Extra"]
[Source "ChessBase"]
[SourceDate "2016.06.21"]
[SourceVersion "1"]
[SourceVersionDate "2016.06.21"]
[SourceQuality "1"]

1. e4 c5 2. c3 g6 3. d4 cxd4 4. cxd4 Bg7 5. Nc3 d6 6. f4 e6 7. Nf3 Ne7 8. Bd3 0-0 9. 0-0 Nbc6 10. Be3 Qb6 11. Qd2 Nxd4 12. Rac1 Nxf3+ 13. Rxf3 Bxc3 14. Qxc3 Qc6 15. Qd4 Qd7 16. Rg3 Nc6 17. Qc3 Nd8 18. h4 Qe7 19. Bf2 f5 20. exf5 exf5 21. h5 Kf7 22. hxg6+ hxg6 23. Rh3 Ne6 24. Rh7+ 1-0

[Event "GER-chT U10"]
[Site "Magdeburg"]
[Date "2015.12.29"]
[Round "7.1"]
[White "Dornheim, Carl Friedrich"]
[Black "Gehrke, Gina Celina"]
[Result "0-1"]
[WhiteElo "985"]
[BlackElo "1295"]
[PlyCount "92"]
[EventDate "2015.12.27"]
[EventType "team-swiss"]
[EventRounds "7"]
[EventCountry "GER"]
[SourceTitle "EXT 2017"]
[Source "ChessBase"]
[SourceDate "2016.10.25"]
[SourceVersion "1"]
[SourceVersionDate "2016.10.25"]
[SourceQuality "1"]
[WhiteTeam "Magdeburg Schachzwerge II"]
[BlackTeam "Niedersachsen"]
[WhiteTeamCountry "GER"]
[BlackTeamCountry "GER"]

1. e4 c5 2. Nf3 g6 3. Nc3 Bg7 4. b3 e6 5. Bb2 Nc6 6. Bb5 a6 7. Bxc6 bxc6 8. 0-0 Ne7 9. d4 cxd4 10. Nxd4 d5 11. exd5 cxd5 12. Re1 0-0 13. Re3 e5 14. Ba3 Re8 15. Bxe7 Qxe7 16. Nc6 Qc7 17. Qxd5 Bb7 18. Ne7+ Qxe7 19. Qc4 Rac8 20. Qg4 e4 21. Rae1 Rxc3 22. Rxc3 Bxc3 23. Re3 Bg7 24. f3 Bd4 25. Qf4 Bxe3+ 26. Qxe3 exf3 27. Qxe7 Rxe7 28. gxf3 Bxf3 29. c4 Re2 30. a4 Bg2 31. b4 Bh3 32. b5 axb5 33. a5 bxc4 34. a6 c3 35. a7 Ra2 36. a8Q+ Rxa8 37. Kf2 c2 38. Kg3 Bf1 39. Kf3 c1Q 40. Kg3 Ra4 41. h4 Qc3+ 42. Kf2 Ra1 43. h5 Bc4 44. h6 Ra2+ 45. Kg1 Qd4+ 46. Kh1 Bd5# 0-1

[Event "GER-chT U10"]
[Site "Magdeburg"]
[Date "2015.12.27"]
[Round "2.1"]
[White "Gehrke, Gina Celina"]
[Black "Moeschwitzer, Luis"]
[Result "0-1"]
[WhiteElo "1295"]
[BlackElo "975"]
[PlyCount "44"]
[EventDate "2015.12.27"]
[EventType "team-swiss"]
[EventRounds "7"]
[EventCountry "GER"]
[SourceTitle "EXT 2017"]
[Source "ChessBase"]
[SourceDate "2016.10.25"]
[SourceVersion "1"]
[SourceVersionDate "2016.10.25"]
[SourceQuality "1"]
[WhiteTeam "Niedersachsen"]
[BlackTeam "Stadtilm Blau Weiss II"]
[WhiteTeamCountry "GER"]
[BlackTeamCountry "GER"]

1. d4 d5 2. e3 a6 3. Bd3 Nf6 4. Nd2 Nc6 5. c3 Bd7 6. f4 e6 7. Ngf3 Be7 8. Ne5 0-0 9. 0-0 Nxe5 10. fxe5 Ne8 11. Rf3 f6 12. exf6 Nxf6 13. e4 dxe4 14. Nxe4 e5 15. Nxf6+ Bxf6 16. Bf5 Bxf5 17. Rxf5 exd4 18. cxd4 Qxd4+ 19. Qxd4 Bxd4+ 20. Rf2 Rxf2 21. h3 Raf8 22. Bg5 Rf1+ 0-1